000 00865nam a22002177a 4500
999 _c16533
_d16533
003 AR-CdUCM
008 190503b ||||| |||| 00| 0 spa d
040 _aMUNICIPALIDAD PROVINCIAL DEL CUSCO
_cBIBLIOTECA MUNICIPAL DEL CUSCO
082 _22ed.
_a301.155 /
_bH17
100 _aHalbwachs, Maurice
_926741
245 _aLas clases sociales /
260 _aMéxico :
_bFondo de Cultura Económica,
_c1954
300 _a214 páginas ;
_c17 cm.
440 _aBreviarios del fondo de cultura económica ;
_n32
_927431
505 _aContenido: La civilización tradicional y las clases campesinas -- Los medios urbanos y la civilización industrial -- Los medios urbanos y la civilización industrial ...
650 _aClases sociales
_92411
650 _aSociología
_9276
700 _aAub, Max (traductor)
_936027
942 _2ddc
_cLIBROS
945 _aacv
_d2019-05-03